000 00870nam a22002417a 4500
999 _c916
_d916
003 AR-CdUCM
008 190225b ||||| |||| 00| 0 spa d
040 _aMUNICIPALIDAD PROVINCIAL DEL CUSCO
_cBIBLIOTECA MUNICIPAL DEL CUSCO
041 _heng
082 _a926.2 /
_bB36S
100 _aStevenson, O.J.
_93518
245 _aEl cable parlante :
_bvida de Alexander Graham Bell /
260 _aBuenos Aires ;
_bAcme S. A. C.I.,
_c1965.
300 _a215 páginas ;
_c19 cm.
440 _aDivulgación ;
_n609
_93519
500 _aPublicado originalmente en ingles, bajo el título: The talking wire-the story of Alexander Graham Bel, en 1947.
650 _aAlexander Graham Bell
_93520
650 _aBiografía
_922
650 _aTeoría de la "voz eléctrica"
_93521
700 _aLisardo Alonso (traductor)
_93522
942 _2ddc
_cLIBROS
945 _araen
_d2019-02-25